000 00472nam a2200181Ia 4500
008 230524s9999 xx 000 0 und d
020 _a8174462066
082 _a658.12
_bRAO
100 _aT V Rao
245 0 _a"360 Degree Feedback and Performance Management System : Volume 1,"
250 _a2ND
260 _aNEW DELHI
_bExcel
_c2008
300 _aVII;303
500 _aQuantity Number: 3
650 _aManagement
700 _a Raju Rao (Editors)
942 _cBK
999 _c45985
_d45985